000 00653nam a2200193Ia 4500
003 GCL
008 140319s9999 xx 000 0 ara d
040 _aGCL /
_cGCL
082 0 4 _a347.06
_bع ا
100 1 _aعبدالفتاح مراد
_vReviewer
_@
…راجع
245 1 0 _aاصول اعمال النيابات والتحقيق الجنائى العملى /
_cعبدالفتاح مراد
260 _a[S.N] :
_bبرنت للطباعة ،
_c1994
300 _a234 ص
490 _a
650 0 4 _aالقانون الجنائى
650 0 4 _aالقانون
650 0 4 _aقانون الاجراءات الجنائية
942 _2ddc
_cBK
999 _c54287
_d54287